Länder der Welt nach BIP - Statistiken

Allgemein
  • Dieses Quiz wurde 29 mal gespielt
  • Das Durchschnittsergebnis liegt bei 54 aus 196
Antwortstatistiken
BIP Buchstabe Land % Korrekt
$20.85 Bio. C China
96%
$5.45 Bio. D Deutschland
96%
$4.38 Bio. J Japan
96%
$2.64 Bio. B Brasilien
91%
$3.60 Bio. F Frankreich
91%
$4.15 Bio. I Indien
91%
$2.74 Bio. I Italien
91%
$2.51 Bio. K Kanada
91%
$2.67 Bio. R Russland
91%
$4.27 Bio. V Vereinigtes Königreich
91%
$32.38 Bio. V Vereinigte Staaten
91%
$2.13 Bio. A Australien
87%
$2.12 Bio. M Mexiko
78%
$624 Mrd. Ö Österreich
78%
$2.09 Bio. S Spanien
78%
$1.64 Bio. T Türkei
78%
$1.54 Bio. I Indonesien
74%
$1.93 Bio. S Südkorea
74%
$777 Mrd. B Belgien
70%
$1.45 Bio. N Niederlande
70%
$1.14 Bio. P Polen
70%
$760 Mrd. S Schweden
70%
$1.15 Bio. S Schweiz
70%
$430 Mrd. Ä Ägypten
61%
$779 Mrd. I Irland
57%
$622 Mrd. V Vereinigte Arabische Emirate
57%
$688 Mrd. A Argentinien
52%
$1.39 Bio. S Saudi-Arabien
52%
$65 Mio. T Tuvalu
52%
$20 Mio. V Vatikan
52%
$504 Mrd. D Dänemark
48%
$600 Mrd. N Norwegen
48%
$660 Mrd. S Singapur
48%
$720 Mrd. I Israel
43%
$401 Mio. K Kiribati
43%
$521 Mio. M Mikronesien
43%
$196 Mio. N Nauru
43%
$377 Mio. P Palau
43%
$1.14 Mrd. S St. Kitts und Nevis
43%
$122 Mrd. Ä Äthiopien
39%
$791 Mio. D Dominica
39%
$1.48 Mrd. G Grenada
39%
$342 Mio. M Marshallinseln
39%
$1.24 Mrd. S St. Vincent und die Grenadinen
39%
$977 Mrd. T Taiwan
39%
$716 Mio. T Tonga
39%
$1.40 Mrd. V Vanuatu
39%
$408 Mrd. C Chile
35%
$338 Mrd. F Finnland
35%
$265 Mrd. I Irak
35%
$300 Mrd. I Iran
35%
$7.34 Mrd. J Jemen
35%
$117 Mrd. O Oman
35%
$580 Mrd. T Thailand
35%
$433 Mrd. T Tschechien
35%
$527 Mrd. V Vietnam
35%
$45.17 Mrd. Z Zypern
35%
$2.39 Mrd. A Antigua und Barbuda
30%
$540 Mrd. K Kolumbien
30%
$1.81 Mrd. K Komoren
30%
$516 Mrd. M Malaysia
30%
$481 Mrd. R Rumänien
30%
$1.84 Mrd. S Salomonen
30%
$1.38 Mrd. S Samoa
30%
$225 Mrd. U Ukraine
30%
$271 Mrd. U Ungarn
30%
$13.72 Mrd. Ä Äquatorialguinea
26%
$6.35 Mrd. F Fidschi
26%
$308 Mrd. G Griechenland
26%
$39.18 Mrd. H Haiti
26%
$9.44 Mrd. L Liechtenstein
26%
$110 Mrd. L Luxemburg
26%
$381 Mrd. P Peru
26%
$512 Mrd. P Philippinen
26%
$380 Mrd. P Portugal
26%
$2.42 Mrd. S San Marino
26%
$2.77 Mrd. S St. Lucia
26%
$480 Mrd. S Südafrika
26%
$111 Mrd. V Venezuela
26%
$511 Mrd. B Bangladesch
22%
$51.63 Mrd. E Estland
22%
$43.80 Mrd. I Island
22%
$360 Mrd. K Kasachstan
22%
$147 Mrd. K Kenia
22%
$53.69 Mrd. L Lettland
22%
$33.85 Mrd. M Mali
22%
$194 Mrd. M Marokko
22%
$11.38 Mrd. M Monaco
22%
$279 Mrd. N Neuseeland
22%
$1.16 Mrd. S São Tomé und Príncipe
22%
$112 Mrd. S Serbien
22%
$2.25 Mrd. S Seychellen
22%
$96.09 Mrd. U Uruguay
22%
$182 Mrd. U Usbekistan
22%
$317 Mrd. A Algerien
17%
$4.88 Mrd. A Andorra
17%
$78.73 Mrd. A Aserbaidschan
17%
$8.14 Mrd. B Burundi
17%
$4.73 Mrd. D Dschibuti
17%
$2.28 Mrd. E Eritrea
17%
$5.79 Mrd. E Eswatini
17%
$2.79 Mrd. G Gambia
17%
$23.03 Mrd. J Jamaika
17%
$64.91 Mrd. J Jordanien
17%
$217 Mrd. K Katar
17%
$116 Mrd. K Kroatien
17%
$2.97 Mrd. L Lesotho
17%
$106 Mrd. L Litauen
17%
$17.31 Mrd. N Namibia
17%
$45.84 Mrd. N Nepal
17%
$24.81 Mrd. N Niger
17%
$377 Mrd. N Nigeria
17%
$411 Mrd. P Pakistan
17%
$17.34 Mrd. R Ruanda
17%
$33.33 Mrd. A Albanien
13%
$17.04 Mrd. B Bahamas
13%
$102 Mrd. B Belarus
13%
$27.87 Mrd. B Benin
13%
$32.51 Mrd. B Burkina Faso
13%
$110 Mrd. C Costa Rica
13%
$39.89 Mrd E El Salvador
13%
$23.36 Mrd. G Gabun
13%
$42.72 Mrd. G Georgien
13%
$118 Mrd. G Ghana
13%
$129 Mrd. G Guatemala
13%
$2.99 Mrd. G Guinea-Bissau
13%
$41.51 Mrd. H Honduras
13%
$3.44 Mrd. K Kap Verde
13%
$107 Mrd. K Kuba
13%
$35.88 Mrd. L Libanon
13%
$5.64 Mrd. L Liberia
13%
$52.45 Mrd. L Libyen
13%
$18.15 Mrd. M Malawi
13%
$14.35 Mrd. M Mauretanien
13%
$28.45 Mrd. M Mongolei
13%
$83.83 Mrd. M Myanmar
13%
$16.50 Mrd. N Nordkorea
13%
$34.40 Mrd. P Papua-Neuguinea
13%
$60.54 Mrd. P Paraguay
13%
$169 Mrd. S Slowakei
13%
$2.17 Mrd. T Timor-Leste
13%
$13.43 Mrd. T Togo
13%
$26.84 Mrd. T Trinidad und Tobago
13%
$83.07 Mrd. T Turkmenistan
13%
$73.37 Mrd. U Uganda
13%
$17.50 Mrd. A Afghanistan
9%
$152 Mrd. A Angola
9%
$31.87 Mrd. A Armenien
9%
$48.85 Mrd. B Bahrain
9%
$3.45 Mrd. B Belize
9%
$3.86 Mrd. B Bhutan
9%
$36.77 Mrd. B Bosnien und Herzegowina
9%
$21.94 Mrd. B Botswana
9%
$16.86 Mrd. B Brunei
9%
$148 Mrd. B Bulgarien
9%
$123 Mrd. D Dem. Rep. Kongo
9%
$136 Mrd. D Dom. Rep.
9%
$138 Mrd. E Ecuador
9%
$112 Mrd. E Elfenbeinküste
9%
$29.93 Mrd. G Guinea
9%
$33.96 Mrd. G Guyana
9%
$23.61 Mrd. K Kirgisistan
9%
$14.05 Mrd. K Kosovo
9%
$173 Mrd. K Kuwait
9%
$18.96 Mrd. L Laos
9%
$21.19 Mrd. M Madagaskar
9%
$8.13 Mrd. M Malediven
9%
$30.71 Mrd. M Malta
9%
$17.12 Mrd. M Mauritius
9%
$21.89 Mrd. M Moldawien
9%
$10.23 Mrd. M Montenegro
9%
$24.23 Mrd. N Nicaragua
9%
$21.61 Mrd. N Nordmazedonien
9%
$95.02 Mrd. P Panama
9%
$17.03 Mrd. R Rep. Kongo
9%
$41.24 Mrd. S Sambia
9%
$40.47 Mrd. S Senegal
9%
$86.73 Mrd. S Slowenien
9%
$44.69 Mrd. S Sudan
9%
$6.07 Mrd. S Südsudan
9%
$20.42 Mrd. T Tadschikistan
9%
$94.89 Mrd. T Tansania
9%
$25.63 Mrd. T Tschad
9%
$60.75 Mrd. T Tunesien
9%
$8.48 Mrd. B Barbados
4%
$80.74 Mrd. B Bolivien
4%
$52.38 Mrd. K Kambodscha
4%
$65.14 Mrd. K Kamerun
4%
$23.28 Mrd. M Mosambik
4%
$8.27 Mrd. S Sierra Leone
4%
$56.71 Mrd. S Simbabwe
4%
$14.17 Mrd. S Somalia
4%
$98.96 Mrd. S Sri Lanka
4%
$5.91 Mrd. S Suriname
4%
$62.50 Mrd. S Syrien
4%
$3.49 Mrd. C Zentralafrikanische Republik
0%
Keine übereinstimmenden Quizze gefunden
Verteilung der Resultate
Anzahl Personen mit jedem Resultat
Perzentil nach korrekt beantworteten Fragen
Ihre Resultats-Entwicklung
Sie haben dieses Quiz noch nicht gespielt